000 00505nam a2200145 a 4500
008 120416s1963 ||||||||||||||||| || u
050 _aHF 5549 Min
100 _aMiner, John B
245 1 4 _aThe management of ineffective performance
260 _aNew York:
_bMcGraw-Hill
_c1963
300 _aix, 396p.
350 _a0.00
650 0 _aMANAGEMENT
995 _D0.00
_FCBU-MAIN LIBRARY (Kitwe)
_H1
_I0.00
_M1
_UAVAILABLE
_ZMain Library Open Access Collection
999 _c49971
_d49971